000 00202 a2200097 4500
001 18011
100 _aTanner, D
245 _aSecondary education
260 _a
_bMacmillan Co
_c
090 _c13315
_d13315
942 _aNUST-CAE
_cM
_c3687
999 _c253084
_d253084